Riesgos del trabajo guía práctica profesional / /
Guardado en:
| Autor Principal: | |
|---|---|
| Otros Autores: | |
| Formato: | Libro |
| Idioma: | Spanish |
| Publicado: |
Ciudad Autónoma de Buenos Aires :
Estudio,
2015.
|
| Edición: | 2a. ed. |
| Series: | Guías prácticas profesionales
|
| Materias: | |
| Etiquetas: |
Agregar Etiqueta
Sin Etiquetas, Sea el primero en etiquetar este registro!
|
| LEADER | 00656nam a22001935a 4500 | ||
|---|---|---|---|
| 001 | DER.der014070 | ||
| 008 | 190913s2015####ag############000#0#spa#d | ||
| 005 | 20241024082504.0 | ||
| 245 | 1 | 0 | |a Riesgos del trabajo guía práctica profesional / / |c Julio Armando Grisolía y Ernesto Jorge Ahuad. |
| 250 | |a 2a. ed. | ||
| 260 | |a Ciudad Autónoma de Buenos Aires : |b Estudio, |c 2015. | ||
| 300 | |a 320 p. | ||
| 490 | 0 | |a Guías prácticas profesionales | |
| 020 | |a 9789508974754 | ||
| 100 | 1 | |a Grisolía, Julio Armando. | |
| 700 | 1 | |a Ahuad, Ernesto Jorge. | |
| 650 | 7 | |a PRACTICA PROFESIONAL LABORAL | |
| 650 | 7 | |a DERECHO LABORAL | |
| 859 | |a DERECHO |b BIB. DERECHO |h 344 |i GRI |p 009298 | ||
